000 03575nam0a2200445 4500
001 RU\NLR\BIBL_A\011941239
005 20190506152642.0
010 _a978-5-9973-5002-4
_955
021 _aRU
_bКН-П-19-002804
_9КН-П-19-0197
035 _a(NLR Aleph) 011941239
035 _a(RuMoRGB)009868103
090 _a11093118
_c11093118
100 _a20190219d2018 k y0rusy50 ca
101 0 _arus
_deng
102 _aRU
105 _aa|||z|||100zy
200 1 _aСовременные информационные технологии в образовании, науке и промышленности
_dModern information technologies in education, science and industry
_eXI Международная конференция
_aIX Международный конкурс научных и научно-методических работ
_dIX Intenational competition scientific and scientific-methodical works
_eсборник трудов
_fРегиональное отделение общественной организации "Международная академия информатизации", Факультет информационных технологий, Федеральное государственное бюджетное образовательное учреждение высшего образования "Российский государственный социальный университет", ФГБОУ ВО "МГУТУ им. К.Г. Разумовского (ПКУ)"
_g[ответственные редакторы и составители Т.В. Пирязева, В.В. Серов]
_zeng
210 _aМосква
_cСпутник+
_d2018
215 _a200 с.
_cил., табл.
_d21
300 _aРез. англ.
320 _aБиблиогр. в конце ст.
510 1 _aModern information technologies in education, science and industry
_zeng
510 1 _aIX Intenational competition scientific and scientific-methodical works
_zeng
606 1 _aНаука
_jСъезды, совещания и т.п
_xИнформационные технологии
_92404964
_3RU\NLR\AUTH\661433320
606 1 _aОбразование
_jСъезды, совещания и т.п
_xИнформационные технологии
_92103593
_3RU\NLR\auth\661575610
606 1 _aПромышленность
_jСъезды, совещания и т.п
_xИнформационные технологии
_92213950
_3RU\NLR\AUTH\6601563460
686 1 _aЧ215.3я431
686 1 _aЧ312.31я431
686 1 _aУ30(2)в612я431
702 1 _aПирязева
_bТ. В.
_gТатьяна Васильевна
_4220
702 1 _aСеров
_bВ. В.
_gВладимир Васильевич
_4220
711 1 2 _a"Современные информационные технологии в образовании, науке и промышленности", международная конференция
_d11
_eМосква
_f2018
_9651835
_3RU\NLR\AUTH\880495921
712 0 2 _4570
_aМеждународная академия информатизации
_cМосква
_9283410
_3RU\NLR\AUTH\885845
942 _cBOOK
980 _aNBR
980 _aNB